narative in English conversation: A corpus analysis of story telling (Record no. 4596)
[ view plain ]
| 000 -LEADER | |
|---|---|
| fixed length control field | 00474nam a22001577a 4500 |
| 008 - FIXED-LENGTH DATA ELEMENTS--GENERAL INFORMATION | |
| fixed length control field | 260306b |||||||| |||| 00| 0 eng d |
| 020 ## - INTERNATIONAL STANDARD BOOK NUMBER | |
| ISBN | 9780521196987 |
| 100 ## - MAIN ENTRY--AUTHOR | |
| Author | christoph, Ruhleman |
| 245 ## - TITLE STATEMENT | |
| Title | narative in English conversation: A corpus analysis of story telling |
| 260 ## - PUBLICATION, DISTRIBUTION, ETC. (IMPRINT) | |
| Place of publication | USA |
| Name of publisher | CAMBRIDGE UNIVERSITY PRESS |
| Date of publication | 2013 |
| 300 ## - COLLATION | |
| Pagination | XVII, 288P. |
| Other physical details | ill |
| 650 ## - TRACINGS | |
| Main Subject | STORY TELLING |
| Subdivision (1st) | CONVERSATION ANALYSIS |
| 942 ## - ADDED ENTRY ELEMENTS (KOHA) | |
| Item type | Books |
| 050 ## - LIBRARY OF CONGRESS CALL NUMBER | |
| Classification number | P302.7 |
| Item number | .R84 |
| Source of classification or shelving scheme | Not for loan | Permanent location | Current location | Date acquired | Accession No. | Full call number | Barcode. | Copy number | Koha item type |
|---|---|---|---|---|---|---|---|---|---|
| Library of Congress Classification | Samuel Ogbemudia Main Library, University of Abuja | Samuel Ogbemudia Main Library, University of Abuja | 03/06/2026 | 2025/69433 | P302.7 .R84 | 2026-0083 | 1 | Books |